Football : Les scores des matchs du PSG saison 2023/2024 - Statistiques

Statistiques générales
  • Ce quiz a été pris 188 fois
  • Le résultat moyen est 29 sur 58
Statistiques - réponses
Enjeu du match Adversaire Score % Correct
Ligue des Champions Newcastle (Ext) 4-1
75%
Ligue des Champions Borussia Dortmund (Dom) 2-0
74%
Amical Le Havre (Dom) 2-0
73%
Ligue 1 Marseille (Dom) 4-0
70%
Ligue 1 Lorient (Dom) 0-0
67%
Ligue des Champions Milan AC (Dom) 3-0
66%
Ligue des Champions Borussia Dortmund (Dom) 0-1
65%
Ligue des Champions Borussia Dortmund (Ext) 1-0
65%
Ligue 1 Toulouse (Ext) 1-1
65%
Ligue 1 Lens (Dom) 3-1
65%
Ligue des Champions Newcastle (Dom) 1-1
64%
Ligue des Champions Borussia Dortmund (Ext) 1-1
64%
Ligue des Champions Milan AC (Ext) 2-1
64%
Ligue 1 Lyon (Ext) 1-4
63%
Ligue des Champions Barcelone (Ext) 1-4
62%
Ligue des Champions Barcelone (Dom) 2-3
60%
Ligue des Champions Real Sociedad (Ext) 1-2
59%
Ligue des Champions Real Sociedad (Dom) 2-0
59%
Ligue 1 Nice (Dom) 2-3
58%
Amical Inter Milan (Dom) 1-2
55%
Coupe de France Lyon (Ext) 1-2
55%
Ligue 1 Brest (Ext) 2-3
52%
Amical Al Nassr (Dom) 0-0
50%
Ligue 1 Clermont Foot (Ext) 0-0
50%
Ligue 1 Rennes (Ext) 1-3
50%
Ligue 1 Lyon (Dom) 4-1
50%
Ligue 1 Marseille (Ext) 0-2
48%
Coupe de France Revel (Ext) 0-9
46%
Trophée des Champions Toulouse (Dom) 2-0
46%
Ligue 1 Reims (Ext) 0-3
45%
Ligue 1 Le Havre (Ext) 0-2
44%
Ligue 1 Toulouse (Dom) 1-3
44%
Ligue 1 Lens (Ext) 0-2
43%
Coupe de France Orléans (Ext) 1-4
43%
Ligue 1 Lorient (Ext) 1-4
43%
Ligue 1 Montpellier (Dom) 3-0
43%
Ligue 1 Metz (Ext) 0-2
42%
Ligue 1 Lille (Ext) 1-1
42%
Ligue 1 Strasbourg (Dom) 3-0
41%
Amical Jeonbuk Hyundai (Ext) 0-3
40%
Ligue 1 Nantes (Dom) 2-1
40%
Coupe de France Brest (Dom) 3-1
40%
Ligue 1 Monaco (Dom) 5-2
40%
Ligue 1 Nice (Ext) 1-2
39%
Amical Cerezo Osaka (Dom) 2-3
39%
Ligue 1 Le Havre (Dom) 3-3
39%
Ligue 1 Nantes (Ext) 0-2
38%
Ligue 1 Metz (Dom) 3-1
38%
Ligue 1 Strasbourg (Ext) 1-2
37%
Ligue 1 Brest (Dom) 2-2
37%
Coupe de France Nice (Dom) 3-1
37%
Ligue 1 Monaco (Ext) 0-0
36%
Coupe de France Rennes (Dom) 1-0
36%
Ligue 1 Rennes (Dom) 1-1
36%
Ligue 1 Montpellier (Ext) 2-6
36%
Ligue 1 Lille (Dom) 3-1
36%
Ligue 1 Clermont (Dom) 1-1
35%
Ligue 1 Reims (Dom) 2-2
32%
Aucun quiz correspondant
Distribution des résultats
% des personnes avec chaque résultat
Percentile par nombre de réponses
Votre historique - résultats
Vous n’avez pas pris ce quiz